000 00327nam a22001457a 4500
008 240311b ||||| |||| 00| 0 eng d
020 _a9789951000680
041 _aSHQIP
080 _22008
_a574
082 _a574ELE
100 _a44
101 _aMJEDISI
245 _aGJEOLOGJIA E KOSOVES
_cELEZAJ ZENUN
942 _2udc
_cBK
999 _c60595
_d60595